Quizzes
Events
Quiz Creation
Community
Videos
Private Events
Remove Ads
Sign In
Join for FREE
Feedback
Dark Mode
Quiz Categories
Sports
Geography
Music
Movies
Television
Just For Fun
Miscellaneous
History
Literature
Language
Science
Gaming
Entertainment
Religion
Holiday
For Kids
Quiz Lab
Recent
Popular Today
Quiz Kudos Today
Editor Picks
Curator Picks
Quizzes by...
Day
Popularity
Type
Ratings
Length
Year
Community
Subscriptions
Recent Discussions
Orange Saloon
Badges
Playlists
Quests
Create
Leaderboards
Showdown
Live 5
Trivia Bingo
Activity
Puzzle Library
Sporcle Events
Private Events
Virtual Trivia
Globe League
Become a Host
Pub Owners
SporcleCon
Opinionation
Our Games
Videos
Blog
Mobile Apps
Partnerships
Remove Ads and Go Orange
Feedback
Sports
Athletes
MLB
NBA
NHL
NFL
Soccer
Sports Teams
WWE
NCAA
Football
Premier League
Basketball
Baseball
Hockey
Golf
Tennis
Cricket
Rugby
Auto Racing
Olympics
World Cup
Sports
Athletes
MLB
NBA
NHL
NFL
Soccer
Sports Teams
WWE
NCAA
Football
Premier League
Basketball
Baseball
Hockey
Golf
Tennis
Cricket
Rugby
Auto Racing
Olympics
World Cup
Random Quiz
Search Sporcle
×
Quiz Lab
Quiz Lab
Sports
NCAA
Type in answers that appear in a list
Type in answers that appear in a list
Classic
Best Score? Go Orange.
NCAA FBS (Div. 1) Football Teams Stats
Can you name the NCAA FBS (Div. 1) Football Teams?
By
treerings1
10m
120 Questions
1,309 Plays
1,309 Plays
1,309 Plays
Comments
Comments
Give Quiz Kudos
Give Quiz Kudos
-
- Ratings
hide this ad
Replay
Link that replays current quiz
Next Quiz
Link to next quiz in quiz playlist
You Got
0%
They Got
Avg Score
80%
Avg Friend Score
Upgrade to see
Score Distribution
Jump to the score distribution portion of the page
Score
0/120
Timer
10:00
0
Plays Today
Conference
Team
% Correct
Big 12
Texas
96.9%
Big Ten
Michigan
96.3%
SEC
Florida
96%
Independent
Notre Dame
95.4%
MAC
Ohio
95.1%
Big Ten
Michigan State
94.7%
ACC
North Carolina
94.5%
Big Ten
Ohio State
94.2%
ACC
Florida State
94.1%
Pac-
10
Oregon
94%
SEC
Georgia
93.9%
Big 12
Oklahoma
93.8%
Big 12
Texas Tech
93.4%
Pac-
10
USC
93.4%
Pac-
10
Washington
93.4%
SEC
Alabama
93%
Big Ten
Iowa
92.6%
Pac-
10
UCLA
92.6%
Big 12
Texas A&M
92.4%
Big 12
Oklahoma State
92.2%
ACC
Miami (FL)
92%
Big 12
Kansas
91.9%
Pac-
10
Oregon State
91.8%
Big Ten
Penn State
91.7%
Big Ten
Illinois
91.5%
Pac-
10
Arizona
91.5%
Big Ten
Indiana
91.4%
Big 12
Nebraska
91.3%
Pac-
10
Washington State
91.1%
ACC
Virginia
90.9%
SEC
Mississippi
90.9%
Pac-
10
Arizona State
90.6%
MAC
Miami (OH)
90.5%
Big Ten
Wisconsin
90.4%
Big 12
Colorado
90.2%
Independent
Navy
90.2%
Independent
Army
90.1%
Big 12
Kansas State
89.8%
ACC
Duke
89.5%
SEC
South Carolina
89.5%
Conference
Team
% Correct
SEC
Kentucky
89.5%
SEC
LSU
89.4%
Pac-
10
California
88.9%
Big Ten
Minnesota
88.8%
SEC
Tennessee
88.8%
ACC
Georgia Tech
88.7%
ACC
Clemson
88.6%
SEC
Arkansas
88.6%
ACC
Virginia Tech
88.5%
Big 12
Iowa State
88.3%
Big 12
Missouri
88.1%
Pac-
10
Stanford
88.1%
SEC
Mississippi State
87.7%
ACC
Maryland
87.5%
ACC
North Carolina State
87.3%
ACC
Boston College
86.9%
Big Ten
Purdue
85.7%
MWC
Utah
85.7%
Big 12
Baylor
85.5%
SEC
Auburn
85.3%
WAC
Boise State
85.3%
Big East
Pittsburgh
84.9%
Big East
West Virginia
84.3%
Big East
Syracuse
83.8%
Big Ten
Northwestern
83.7%
Big East
Connecticut
82.6%
SEC
Vanderbilt
81.1%
MWC
TCU
81.1%
Big East
Rutgers
80.8%
MWC
Colorado State
80.5%
Big East
Louisville
80.4%
MWC
New Mexico
80%
ACC
Wake Forest
79.9%
Big East
Cincinnati
79.3%
Big East
South Florida
78.1%
MWC
Brigham Young
77.5%
WAC
Nevada
77.2%
WAC
Utah State
77%
MWC
Air Force
75.4%
MWC
Wyoming
75.3%
Conference
Team
% Correct
Conference USA
Central Florida
75.1%
WAC
New Mexico State
74.7%
MAC
Western Michigan
74.1%
WAC
Idaho
73.3%
MWC
UNLV
72.9%
MAC
Eastern Michigan
72.7%
MAC
Central Michigan
72.7%
MWC
San Diego State
72%
Conference USA
Houston
71.4%
Conference USA
Memphis
71.1%
WAC
Hawaii
70.6%
Conference USA
Tulane
68.5%
Conference USA
Texas El Paso
67.6%
MAC
Toledo
66.8%
WAC
Fresno State
66.1%
Conference USA
Tulsa
65.9%
Sun Belt
Florida International
65.7%
Conference USA
Southern Methodist
65.6%
MAC
Akron
65.2%
WAC
Louisiana Tech
64.9%
MAC
Temple
64.7%
Conference USA
Rice
64.6%
MAC
Northern Illinois
64.2%
MAC
Buffalo
64%
MAC
Bowling Green
63.9%
Sun Belt
Florida Atlantic
63.6%
Sun Belt
Arkansas State
63.3%
Conference USA
East Carolina
62.8%
WAC
San Jose State
62.2%
Sun Belt
Western Kentucky
60.9%
Conference USA
Marshall
60.8%
Sun Belt
Louisiana-Monroe
60.5%
Conference USA
Alabama Birmingham
60.2%
Sun Belt
Louisiana-Lafayette
60%
MAC
Ball State
59.9%
Sun Belt
North Texas
59.4%
Conference USA
Southern Miss
59.1%
Sun Belt
Troy
57.4%
MAC
Kent State
56.3%
Sun Belt
Middle Tennessee State
53.3%
Quiz Playlist
Details
Report
Send in Message
Add To Playlist
Classic:
Type in answers that appear in a list
Quiz Source
Last Updated: Apr 20, 2017
Quiz Scoreboard
CHALLENGE
Sign Up to Join the Scoreboard
Show All
Scores
Hide
Comments
May contain spoilers
Recently Published
9x9 Crossword: Cartoon Network
by jackfrog10
Miscellaneous
3m
College Basketball Coaching Resumes
by pancakes188
Sports
9m
Billboard Blitz: Fleetwood Mac
by CooCooCachoo
Music
15s
More to Explore
Quiz From the Vault
Featured Blog Post
Where Did the Easter Bunny Come From?
hide this ad
You Might Also Like...
Tags
Football Quiz
NCAA Quiz
Conference
Division
Division I
FBS
Football Team
team
Today's Top Quizzes in Sports
Browse Sports
hide this ad
Today's Top Quizzes in NCAA
Browse NCAA
Top Contributed Quizzes in Sports
1
2022 World Cup Stars
2
Les meilleurs buteurs des matchs entre le PSG et l’OM
3
FIFA Club World Cup Champions
4
Les entraîneurs de l'OM et du PSG au 21e siècle
5
Criteria MLB: Left Handed Sluggers
6
AFC Teams Reveal (Wrong Answers Minefield)
7
2023 MLB Unique Player Accomplishments
8
Players with Multiple 50 Home Run Seasons
9
5-to-1: FBS Animal Nicknames
10
5-to-1: UK Sports Teams
Explore More
Trending Topics
Anime
NBA
Marvel
Harry Potter
Crossword
Disney
Kpop
Country
Puzzle
NFL
Soccer
The Office
Song
Pokémon
WWE
hide this ad
More By:
treerings1
Quiz
Plays
Rating
Category
Featured
Created
NCAA FBS (Div. 1) Football Teams
1,309
3.50
Sports
Nov 21, 2009
2008 Soda Market Share
829
5.00
Miscellaneous
Nov 23, 2009
NFL Leaders Since 1990
801
4.17
Sports
Nov 11, 2009
Go to Creator's Profile
Score Distribution
Quiz Creator Spotlight
treerings1
Follow
Send a Message
Quizzes Created
-
Created Quiz Play Count
-
More By This Creator
Popular Quizzes Today
1
Find the US States - No Outlines Minefield
2
Find the Countries of Europe - No Outlines Minefield
3
The Countries of the World
4
Find the US States
5
Risky Map Clicking: Biggest States A-Z
6
US States
7
Popular People in 1961
8
Movies - When Are They Set?
More Sports Quizzes
Pro Wrestling Crossword #1
Quiz Lab
Trending Quizzes
Risky Map Clicking: Least Populous States A-Z
1-10 Letter G Words
1-10 Letter F Words
Risky Map Clicking: Next State Alphabetically
Adjectives in 80s TV Shows
Recently Updated
Leaping Animals
pecheneg
Reality TV Shows (A-Z)
bhenderson79
Rickey Henderson's Hall of Fame Teammates
pecheneg
Champions League XIs: Arsenal
pecheneg
Quick Pick: Celebrities in WWE's Hall of Fame
aduchscher
A-Z Keypad Blitz II
pecheneg
Multiple Oscar Actors
pecheneg
Mystery Phrase Blitz: Oscar 'Best Actors'
pecheneg
F. Scott Fitzgerald Novels
LTH
Pick 3 Villains
ddd62291
Trending Topics
Marvel
Kpop
NBA
Crossword
Disney
Anime
Harry Potter
WWE
Country
Song
Pokémon
Soccer
NFL
The Office
Puzzle
Your Account Isn't Verified!
In order to create a playlist on Sporcle, you need to verify the email address you used during registration. Go to your
Sporcle Settings
to finish the process.
Report this User
Report this user for behavior that violates our
Community Guidelines
.
Details:
Send Report
Go to the Sporcle.com Mobile Site →
Comments